Multiple Choice Pope Leo XIV Quiz - Statistics

General Stats
  • This quiz has been taken 214 times
  • The average score is 6 of 10
Answer Stats
Question Answer % Correct
Where was Pope Leo XIV born? Chicago
93%
Which signifigant 'first' does Pope Leo XIV represent? First North American pope
73%
Pope Leo XIV conducted a large amount of his missionary work in South America. In what country did he carry out this work? Peru
73%
What is Pope Leo XIV's birth name? Robert Francis Prevost
73%
Which religious order, who follow the Rule of St. Augustine, did Pope Leo XIV join in 1977? Augustinians
72%
Pope Leo XIV's papal motto, featured on his coat of arms, is "In illo uno unum" - what does this translate to in English? In the One, we are one
58%
Which of the following titles has Pope Leo XIV NOT held at any point in his life? Vicar General
47%
What was Pope Leo XIV's previous position before being elected pope? Bishop of Chiclayo
35%
Pope Leo XIV has confirmed he will maintain an active social media presence. What is the Pope's social media username? @Pontifex
34%
How many decades did his missionary work in this country span? 2
32%
No matching quizzes found
Score Distribution
Percent of People with Each Score
Percentile by Number Answered
Your Score History
You have not taken this quiz